000 01376nam a2200361 i 4500
001 bg
003 BPK
005 20200618115223.0
008 970612s1991 pl a f |001 0 pol
015 _aPB 1991/10471
020 _a8300035451
040 _aWA N
_cBPK
041 1 _apol
_heng
080 _a330.342.14
080 _a338.1(73)
080 _a(075.8)
100 1 _aKamerschen, David R.
_eAutor
245 1 0 _aEkonomia /
_cDavid R. Kamerschen, Richard B. McKenzie, Clark Nardinelli ; [tł. z ang. zespół pod kier. Piotra Kuropatwińskiego w składzie Dariusz Filar et al.].
246 1 _iTyt. oryg.:
_aEconomy,
_f1989.
250 _a[Wyd. 2]
260 _aGdańsk :
_bFundacja Gospodarcza NSZZ [Niezależnego Samorządnego Związku Zawodowego] "Solidarność",
_c1992.
300 _aXL, [4], 979 s., 49 s. wiele liczb. :
_bwykr., err. ;
_c25 cm.
504 _aIndeksy.
651 4 _aStany Zjednoczone
_xgospodarka.
655 4 _aPodręczniki akademickie
650 4 _aEkonomia
700 1 _aFilar, Dariusz
_d(1950- )
_eTłumaczenie
700 1 _aKuropatwiński, Piotr
_d(1950- )
_eTłumaczenie
700 1 _aMcKenzie, Richard B.
_eAutor
700 1 _aNardinelli, Clark
_eAutor
856 _uhttp://koha.tu.koszalin.pl/cgi-bin/koha/opac-detail.pl?biblionumber=29714
_yKatalog online BPK
942 _2UKD
_cKS
999 _c29714
_d29714